El vuelo de la carne

Guardat en:
Dades bibliogràfiques
Autor principal: Moreno, Alfonso María (autor)
Format: Llibre
Idioma:espanyol
Publicat: Madrid Hispánica 1944
Matèries:
Etiquetes: Afegir etiqueta
Sense etiquetes, Sigues el primer a etiquetar aquest registre!

MARC

LEADER 00000nam a2200000 a 4500
001 UCZ8999
003 CL-VaPUC
008 960126e19440000SP |||||||||||||||||spa|d
082 0 4 |a 861  |b MOR  |2 21 
100 |a Moreno, Alfonso María  |e autor  |9 354263 
245 1 3 |a El vuelo de la carne 
300 |a 80 p 
942 |c BK 
945 |d 19960126 00:00:00  |a rleighto 
260 |a Madrid  |b Hispánica  |c 1944 
650 0 |a Poesías españolas  |9 265100 
583 |a last modification  |c 19960126 00:00:00  |k Rodrigo Vera 
999 |c 244647  |d 244645 
952 |0 0  |1 0  |4 0  |6 861_000000000000000_MOR_1944  |7 0  |8 A  |9 258792  |a BIBEDU  |b BIBEDU  |d 2019-11-19  |i 3174182  |o 861 MOR 1944  |p 3174182  |r 2019-11-19  |w 2019-11-19  |y BK  |k LIT